000 01660cam a22003977a 4500
003 CHAP
005 20220329134735.0
008 971013s1967 r 00010 d
010 _a25104
011 _a26076
035 _a30176
040 _cCHAP
082 _a342.72
_bM49
110 1 _aMéxico. Cámara de Diputados. XLVI Legislatura del Congreso de la Unión.
_976882
245 0 _aDerechos del pueblo mexicano
_b: México a través de sus constituciones
260 _aMéxico, D.F. :
_bCámara de Diputados,
_c1967
300 _a8 v.
590 _aBATCH-UPD
_b10
_c20130110
_lUCH01
_h0928
590 _aBATCH-UPD
_b10
_c20130410
_lUCH01
_h0548
590 _aBATCH-UPD
_b10
_c20130914
_lUCH01
_h1142
590 _aCONVERSION
_b10
_c20130109
_lUCH01
_h1315
650 1 4 _aDerecho constitucional
_xMéxico.
_931886
650 1 4 _aGobierno federal.
_948406
650 1 4 _aLegislación administrativa
_xMéxico.
_965653
650 1 4 _aMéxico
_xConstitución.
_976735
901 _aBK
942 _cLIBRO
949 _a342.72 M49
_bBC
_cLIBRO
_d33724000380911
_eLIBRO
_fv.1
_h72951
_i30176
_si
949 _a342.72 M49
_bBC
_cLIBRO
_d33724000380937
_eLIBRO
_fv.5
_h72955
_i30176
_si
949 _a342.72 M49
_bBC
_cLIBRO
_d33724000380945
_eLIBRO
_fv.6
_h72956
_i30176
_si
949 _a342.72 M49
_bBC
_cLIBRO
_d33724000380952
_eLIBRO
_fv.4
_h72954
_i30176
_si
949 _a342.72 M49
_bBC
_cLIBRO
_d33724000380960
_eLIBRO
_fv.7
_h72957
_i30176
_si
949 _a342.72 M49
_bBC
_cLIBRO
_d33724000380986
_eLIBRO
_fv.2
_h72952
_i30176
_si
949 _a342.72 M49
_bBC
_cLIBRO
_d33724000809737
_eLIBRO
_fv.3
_h72953
_i30176
_si
949 _a342.72 M49
_bBC
_cLIBRO
_d33724000941431
_eLIBRO
_fv.8
_h72958
_i30176
_si
999 _c25104
_d25104